=LDR 00000nam 2200000 4500 =001 000136 =020 $9786026724434 =082 $639.300 =100 $$a Kiagus Angga =245 $$a Budidaya dan bisnis lele dalam kolam terpal /$c Kiagus Angga =250 $Cetakan I =264 $Bogor: BCI Media 2021 =300 $vi, 78 halaman; 23 cm. =650 $Perikanan =905 $639.3 KIA b =336 $$a =337 $$a =338 $$a =005 20260702151432.0 =008 260702s2026\\\\\\\\\\\\\\\\\\\\\\\\\\\\\\\\\\\\\\\\\